Normal view
MARC view
Entry Topical Term
001 - CONTROL NUMBER
- control field: 9188
003 - CONTROL NUMBER IDENTIFIER
- control field: dpl
005 - DATE AND TIME OF LATEST TRANSACTION
- control field: 20100809121333.0
008 - FIXED-LENGTH DATA ELEMENTS
- fixed length control field: 100809|||a|||||| | ||| d
040 ## - CATALOGING SOURCE
- Original cataloging agency: dpl
- Transcribing agency: dpl
150 ## - HEADING--TOPICAL TERM
- Topical term or geographic name as entry element: Personal managment
670 ## - SOURCE DATA FOUND
- Source citation: Work cat.: (dpl)40291: Mejia, Luis R. Gomez 9187, Managing human resources /, 2010
670 ## - SOURCE DATA FOUND
- Source citation: Work cat.: (dpl)40291: Mejia, Luis R. Gomez 9187, Managing human resources /, 2010
